00373 2200157 4500245005800000020002200058250001100080100002600091650001200117005001900129260000900148041001400157084001100171300002400182336000900206 aRumah Dian Terang SekalicI Gusti Made Dwi GunahText a978-602-437-866-0 aCet. 1 aI Gusti Made Dwi Guna aListrik a20240902104258 c2019 aIndonesia a621.31 a26 hlm. :c29,7 cm. atext